000 00807cam a2200265 4500
001 B2121
008 090401t1988 xxu||||| |||| 00| 0 eng d
035 _a(Sirsi) u48119
041 _aeng
050 _a690.25
110 _aBuilding Research Establishment
245 _aWindows and doors: reconstituted stone non-structural components; plastic repair using Portland cement mortar on site.
260 _aGarston,Watford
_bBuilding Research Establishment
_c1988
300 _a1 sheet : ill. ; 30cm.
350 _a0
490 _aDefect Action Sheet
_v123 (Site)
490 _aDAS
_v123
650 _aBUILDING DEFECTS
650 _aPORTLAND CEMENT
650 _aRECONSTITUTED STONE
650 _aREPAIRS
690 _aBUILT ENVIRONMENT-BUILDING PATHOLOGY
942 _n0
948 _c04/03/1997
999 _c92285
_d92285